|
|
|
|
| LEADER |
00000nab a2200000 ar4500 |
| 001 |
vtls009528424 |
| 003 |
SK-MaSNL |
| 005 |
20260303060650.0 |
| 008 |
090622c2009 xo mr|p||||||||00 ||slo |
| 015 |
|
|
|a SNBRB2009/05
|2 snkbucl
|
| 038 |
|
|
|a SNKBUCL
|
| 040 |
|
|
|a SNKBUCL
|b slo
|e AACR2
|c SNKBUCL
|
| 041 |
0 |
|
|a slo
|
| 044 |
|
|
|a xo
|c SK
|
| 080 |
|
|
|a 75.071.1
|2 2001
|
| 080 |
|
|
|a 929 Laluha, Milan
|2 2001
|
| 100 |
1 |
|
|a Sláviková, Anna,
|d 1951-
|4 aut
|4 ivr
|9 207856
|
| 245 |
1 |
0 |
|a Kumšt je robiť kumšt
|c Anna Sláviková, Milan Laluha
|
| 300 |
|
|
|b Fotogr.
|
| 600 |
1 |
7 |
|a Laluha, Milan,
|d 1930-2013
|2 snkbucl
|9 85733
|
| 655 |
|
7 |
|a rozhovory
|2 snkbucl
|9 31831
|
| 700 |
1 |
|
|a Laluha, Milan,
|d 1930-2013
|4 aut
|4 ive
|9 85733
|
| 773 |
0 |
|
|t Dimenzie
|g Roč. IX, č. 1 (2009), s. 60-63
|x 1335-9959
|
| 852 |
|
|
|a SNK
|b KIS3GCP
|
| 958 |
|
|
|a BX
|
| 999 |
|
|
|c 1732329
|d 1734259
|